Theory of Lie Groups I /

Đã lưu trong:
Bibliografiske detaljer
Hovedforfatter: Chevalley, Claude
Format: Sách giấy
Sprog:English
Udgivet: Princeton, New Jersey : Princeton University Press , 1946
Tags: Tilføj Tag
Ingen Tags, Vær først til at tagge denne postø!
Thư viện lưu trữ: Thư viện Trường Đại học Đà Lạt
LEADER 00586nam a2200241 4500
001 DLU020011189
005 ##12/24/1999
041 # # |a eng 
082 # # |a 512.2  |b CH-C 
090 # # |a 512.2  |b CH-C 
100 # # |a Chevalley, Claude 
245 # # |a Theory of Lie Groups I /  |c Chevalley Claude 
260 # # |a Princeton, New Jersey :  |b Princeton University Press ,  |c 1946 
300 # # |a VII, 213 tr.;   |c 23 cm. 
992 # # |a 2000 
994 # # |a DLU 
900 # # |a False 
911 # # |a Administrator 
925 # # |a G 
926 # # |a A 
927 # # |a SH 
980 # # |a Thư viện Trường Đại học Đà Lạt